000 00334nam a2200109Ia 4500
008 171205s9999 xx 000 0 und d
020 _a9781412962506
100 _aMidgley, Nick
245 _aEssential Research Findings in Child and Adolescent Counselling and Psychotherapy
260 _bSAGE Publications
_c2017
300 _a198 pages
999 _c347384
_d347384